Département Calvados - Statistiques

Statistiques générales
  • Ce quiz a été pris 52 fois
  • Le résultat moyen est 6 sur 20
Statistiques - réponses
Indices Réponses % Correct
Quel est le chef-lieu départemental ? Caen
100%
Quel numéro porte le département des Bouches-du-Rhône ? 14
98%
Quelle station balnéaire accueille chaque année depuis 1975 un célèbre festival du cinéma américain ? Deauville
69%
Par quel pont le département est-il relié à la Seine-Maritime ? Pont de Normandie
56%
À Bayeux, de quel roi normand ayant conquit l'Anglette au XIe conserve-t-on une tapisserie classée ? Guillaume le Conquérant
53%
Quel type de paysage normand caractéristique trouve-t-on autour du bassin virois ? Bocage
44%
Quel nom informel donne-t-on à une région naturelle partagée avec le département de l'Orne, référence aux paysages alpins suisses ? Suisse normande
31%
Quelle spécialité cuite dans un plat traditionnel de grès émaillé pendant cinq heures, est une recette de riz au lait sucré parfumé à la cannelle ? Teurgoule
31%
Que représente l'azur plain sur les armoiries du département ? La Manche
29%
Sur quelle plage les troupes canadiennes ont-elle débarqué le 6 juin 1944 ? Juno Beach
27%
Comment se nomme le tout premier cimetière américain définitif, qui honore les soldats américains morts pendant la bataille de Normandie ? Cimetière américain de Colleville-sur-Mer
13%
Quel officier de marine et explorateur est né en 1790 à Condé-sur-Noireau et a mené de nombreuses expéditions à bord de l'Astrolabe ? Jules Dumont d'Urville
9%
Quel festival de culture électronique se déroule chaque année pendant une semaine de novembre à Caen ? Nördik Impakt
4%
Quel « plan » départemental a été présenté en 2017 pour promouvoir l'aménagement, la pratique, le développement et la diffusion de l'équitation ? Plan Cheval 2017-2021
2%
À Honfleur, sur quelle voie peut-on trouver des maisons numérotées 2 à 68 inscrites au titre des monuments historiques ? Quai Sainte-Catherine
2%
Hormis les deux appellations d'origine contrôlée « Calvados » et « Calvados du Pays-d’Auge », quelle est la troisième et dernière appellation autorisée ? Calvados-Domfrontais
0%
Quel groupe de collaborateurs sillonne de 1943 à 1944 le Calvados pour lutter contre la Résistance, à l'initiative de Raoul Hervé ? La bande à Hervé
0%
Quelle abbaye inscrite depuis 2005 au titre des monuments historiques a été fondée en 1140 par Robert Marmion ? Notre-Dame de Barbery
0%
En 1934, quel peintre déménage dans cette même région après en être tombé amoureux, peignant de nombreux tableaux de l'Orne ? Paul-Émile Pissarro
0%
Quel est le véritable nom du « port d'Arromanches » fait de préfabriqués en 1944 ? Port Mulberry
0%
Aucun quiz correspondant
Distribution des résultats
% des personnes avec chaque résultat
Percentile par nombre de réponses
Votre historique - résultats
Vous n’avez pas pris ce quiz